000 00439nam a22001817a 4500
005 20250328170611.0
008 250328b |||||||| |||| 00| 0 eng d
020 _a9781787152007
041 _aeng
082 _a337 KAT
100 _aKatz, Steven
245 _aInternational Economics Volume 2
260 _aUK
_bKruger Brentt
_c2024
300 _a672;. pages: 25 cm
650 _aEconomics
700 _aKatz, Simon
942 _cBK
999 _c43483
_d43483